The Ottoman city between east and west : Aleppo, Izmir, and Istanbul
Saved in:
| Main Author: | |
|---|---|
| Other Authors: | , |
| Format: | Book |
| Language: | English |
| Published: |
New York :
Cambridge University Press,
2005, 1999
|
| Series: | Cambridge studies in Islamic civilization
|
| Subjects: | |
| Tags: |
Add Tag
No Tags, Be the first to tag this record!
|
MARC
| LEADER | 00000nam a2200000 i 4500 | ||
|---|---|---|---|
| 001 | 1/80014 | ||
| 008 | 080402r20051999 eng d | ||
| 020 | |a 978-0-521-67354-9 (pbk) | ||
| 020 | |a 0-521-67354-2 (pbk) | ||
| 035 | |l 10096107 | ||
| 040 | |a GR-MY-UA |b gre |e aacr | ||
| 041 | 0 | |a eng | |
| 082 | 0 | |a 956.2 |2 (22) | |
| 100 | 1 | |a Eldem, Edhem. | |
| 245 | 1 | 4 | |a The Ottoman city between east and west : |b Aleppo, Izmir, and Istanbul / |c Eldem Edhem, Daniel Goffman and Bruce Masters |
| 260 | |a New York : |b Cambridge University Press, |c 2005, 1999 | ||
| 300 | |a xvi, 244 σ.; |b εικ.; |c 23 εκ. | ||
| 490 | 1 | |a Cambridge studies in Islamic civilization | |
| 504 | |a Ευρετήριο: σ. 228-244 | ||
| 504 | |a Βιβλιογραφία: σ. 215-227 | ||
| 651 | 0 | |a Aleppo (Syria) |x History |y 17th century. | |
| 651 | 0 | |a Aleppo (Syria) |x History |y 18th century. | |
| 651 | 0 | |a Izmir (Turkey) |x History |y 17th century. | |
| 651 | 0 | |a Izmir (Turkey) |x History |y 18th century. | |
| 651 | 0 | |a Istanbul (Turkey) |x History |y 17th century. | |
| 651 | 0 | |a Istanbul (Turkey) |x History |y 18th century. | |
| 700 | 1 | |a Goffman, Daniel |d 1954- | |
| 700 | 1 | |a Masters, Bruce Alan |d 1950- | |
| 830 | 0 | |a Cambridge studies in Islamic civilization | |
| 852 | |a INST |b LESVOS |e 20080402 |h 956.2 ELD |p 005100042416 |q 005100042416 |t BK |y 0 | ||
| 901 | |a BIBL1-2008-1 | ||
| 909 | |a Λ |b 144113 | ||
| 922 | |a 1ΕΛΗ |b 200801 |c ΕΠΕΑΕΚ2/ΤΚΑ |d ΠΑΠΑΣΩΤΗΡΙΟΥ | ||
| 970 | |a ΧΑΤΖΗΜΙΧΑΗΛ |b ΜΑΡΙΑ |z 2008/04/02 | ||